000 00273nam a2200121 a 4500
008 130429s |||| d
100 1 _aNowogrodzki, T.
245 1 0 _aVývinová psychológia
260 _bSPN
_aBratislava
041 _aslo
044 _axo
_cSK
020 _c0
999 _c20245
_d20245